| 000 | 00550nam a22001937a 4500 | ||
|---|---|---|---|
| 003 | OSt | ||
| 005 | 20180116183031.0 | ||
| 008 | 151221b xxu||||| |||| 00| 0 eng d | ||
| 020 | _a04-2316-98-1 | ||
| 024 | _204-2316-98-1 | ||
| 040 | _cLahore LUMS | ||
| 082 | _a 174.4 LUM 1998 | ||
| 100 | _aSheikh A G, Haque E | ||
| 245 |
_aSTEDEC: THE FAMVIC PROJECT _cSheikh A G, Haque E |
||
| 260 |
_aLahore LUMS _b Lahore University of Management Sciences _c1998 |
||
| 300 |
_a17 p. _bPapers |
||
| 440 | _aSTEDEC: THE FAMVIC PROJECT | ||
| 942 |
_2ddc _cCS |
||
| 999 |
_c351019 _d351019 |
||